000 01185cam a2200277 i 4500
003 SA-RiAUC
005 20250608124342.0
008 250608s1998 su g b 000 0 ara c
020 _a9960726312
040 _aKW-ShULA
_bara
_cSA-RiAUC
_erda
043 _aa-su---
082 0 4 _a011.7509531
090 _a011.7509531
_bح س ي
100 1 _aالحسين، زيد عبد المحسن،
_d1368 هجري-
_eمؤلف.
245 1 0 _aدليل الرسائل الجامعية في المملكة العربية السعودية.
_cزيد عبد المحسن الحسين.
250 _aالطبعة الأولى.
264 1 _aالرياض :
_bمركز الملك فيصل للبحوث والدراسات الإسلامية،
_c1998
300 _aمجلد ؛
_c30 سم.
336 _aنص
_btxt
_2rdacontent
_3كتاب
337 _aبدون وسيط
_bn
_2rdamedia
338 _aمجلد
_bnc
_2rdacarrier
440 0 _aإصدارات مركز الملك فيصل للبحوث والدراسات الإسلامية
_v21
650 7 _aالرسائل الجامعية
_zالسعودية
_vببليوجرافيات
_2aucsh
942 _2ddc
_cBOOK
949 _aSA-JeALM
_d250608
_ukhaled123
_n1
999 _c8744
_d8744